The BEST is yet to come portrait of a scholar-activist
Salvato in:
| Natura: | Libro |
|---|---|
| Lingua: | inglese |
| Pubblicazione: |
Centre for Democracy and Development
1998
|
| Tags: |
Aggiungi Tag
Nessun Tag, puoi essere il primo ad aggiungerne!!
|
MARC
| LEADER | 00000nam a22000007a 4500 | ||
|---|---|---|---|
| 008 | 210426b ||||| |||| 00| 0 eng d | ||
| 020 | |a 978-35358-5-4 | ||
| 245 | |a The BEST is yet to come |b portrait of a scholar-activist |g vi,118p. | ||
| 250 | |c Kayode Fayemi and Pita Agbese | ||
| 260 | |b Centre for Democracy and Development |c 1998 |h London |i 0000402 |l HN831 .B46 |m Economic development - Social aspects. |m Nigeria - Politics and government. | ||
| 500 | |a “It includes bibliographical references and index”. | ||
| 942 | |a lcc |c BK |e Ogunmilade, F.T. |f 26/04/2021 | ||
| 952 | |0 0 |1 0 |2 lcc |4 0 |6 HN0831 B46 |7 0 |9 2323 |a HOL |b HOL |c GJ |d 2021-04-26 |l 0 |o HN831 .B46 |p 2021-6177 |r 2021-04-26 00:00:00 |w 2021-04-26 |y BK | ||
| 999 | |c 1197 |d 1197 | ||